Upravlenije znanijami kak novyj trend menedžmenta v turističeskoj industrii

Význam cestovného ruchu v ekonomike. Znalostný manažment v cestovnom ruchu. Zvyšovanie konkurencieschopnosti. Systémový prístup k riadeniu znalostí.

Enregistré dans:
Détails bibliographiques
Auteur principal: Puškelová, Mária
Format: Chapitre de livre
Langue:russe
Sujets:
Tags: Ajouter un tag
Pas de tags, Soyez le premier à ajouter un tag!

MARC

LEADER 00000naa$a2200000$$$4500
001 0163728
005 20240502083402.3
041 0 |a rus 
044 |a RU 
245 1 0 |a Upravlenije znanijami kak novyj trend menedžmenta v turističeskoj industrii  |c Mária Puškelová 
520 |a Význam cestovného ruchu v ekonomike. Znalostný manažment v cestovnom ruchu. Zvyšovanie konkurencieschopnosti. Systémový prístup k riadeniu znalostí. 
610 2 0 |a ruch cestovný 
610 2 0 |a riadenie znalostí 
610 2 0 |a manažment znalostný 
610 2 0 |a konkurencieschopnosť 
610 2 0 |a technológie informačné 
610 2 0 |a technológie komunikačné 
610 2 0 |a financovanie 
610 2 0 |a financie 
100 1 |a Puškelová, Mária